Z dějín naší práce

Salvato in:
Dettagli Bibliografici
Natura: Libro
Lingua:ceco
Pubblicazione: Praha Knižnice průmyslového družstevnictví 1947
Tags: Aggiungi Tag
Nessun Tag, puoi essere il primo ad aggiungerne!!

MARC

LEADER 00000nam a2200000 4500
001 0308395
005 20250502100251.0
041 0 |a cze 
044 |a CZ 
245 1 0 |a Z dějín naší práce  |c Josef Štěpina 
264 1 |a Praha  |b Knižnice průmyslového družstevnictví  |c 1947 
300 |a 2 zv.